Normal view
MARC view
- الاماكن المقدسة- المسجد الاقصى- الكنائس
Entry Topical Term
001 - CONTROL NUMBER
- control field: 47521
003 - CONTROL NUMBER IDENTIFIER
- control field: JO-AjAnu
005 - DATE AND TIME OF LATEST TRANSACTION
- control field: 20230606081838.0
008 - FIXED-LENGTH DATA ELEMENTS
- fixed length control field: 230606|| aca||aabn | a|a d
040 ## - CATALOGING SOURCE
- Original cataloging agency: JO-AjAnu
- Transcribing agency: JO-AjAnu
150 ## - HEADING--TOPICAL TERM
- Topical term or geographic name entry element: الاماكن المقدسة- المسجد الاقصى- الكنائس
670 ## - SOURCE DATA FOUND
- Source citation: Work cat.: (JO-AjAnu)24318: مراجعة وتحرير وتقديم ابو الشعر، هند غسان؛ اشراف الفقيه، الصادق؛ التنسيق والمتابعه هاشم، كايد؛ الاخراج الفني خلف، ميساء, author 47520, الاوقاف الإسلامية والمسيحية في القدس: الأبعاد التاريخية، مصادر التوثيق والتراث المقدسي المهدد